Podpůrné procesy a snižování režijních nákladů (facility management)

Salvato in:
Dettagli Bibliografici
Autore principale: Vyskočil, Vlastimil K.
Altri autori: Štrup, Ondřej
Natura: Libro
Lingua:ceco
Pubblicazione: Praha Professional Publishing 2003
Soggetti:
Tags: Aggiungi Tag
Nessun Tag, puoi essere il primo ad aggiungerne!!

MARC

LEADER 00000nam$a2200000$$$4500
001 0022311
005 20240306141603.1
020 |a 80-86419-45-2 
041 0 |a cze 
044 |a CZ 
245 1 0 |a Podpůrné procesy a snižování režijních nákladů  |b (facility management)  |c Vlastimil K. Vyskočil, Ondřej Štrup 
264 1 |a Praha  |b Professional Publishing  |c 2003 
300 |a 288 s. 
610 2 0 |a podnik 
610 2 0 |a rozvoj podniku 
610 2 0 |a riadenie podnikové 
610 2 0 |a náklady 
610 2 0 |a kontrola 
610 2 0 |a majetok podnikový 
610 2 0 |a hodnota podniku 
610 2 0 |a manažment 
610 2 0 |a zmeny organizačné 
610 2 0 |a outsourcing 
610 2 0 |a služby 
610 2 0 |a dodávatelia 
610 2 0 |a prostredie životné 
610 2 0 |a normy ISO 
610 2 0 |a využitie počítačov 
610 2 0 |a softvér 
610 2 0 |a konkurencieschopnosť 
100 1 |a Vyskočil, Vlastimil K. 
700 1 |a Štrup, Ondřej